000 00609nam a22002057a 4500
003 DO-SdBNP
005 20230126103153.0
007 ta
008 150129e2010 dr gr 000 1 ppspa d
020 _a9789945427929
040 _aDO-SdBNP
_bspa
_cBNPHU
082 4 _bM742a
_222
100 1 _aMonegro, Juan
_964488
_d1949-
245 1 0 _aAlta presencia en Nipur /
_cJuan Monegro
260 _aSanto Domingo :
_aMinisterio de Cultura,
_c2010
300 _a171 p. :
_c23 cm.
500 _aIncluye datos biográficos del autor en la solapa de la cubierta.
590 _aInventariado, 2020/ YL
942 _2ddc
_cLBS1
999 _c49077
_d49077